00750 a2200217 4500010001400000020002300014035001300037037001500050082000800065090001700073100001900090245005600109260004800165260003300213270006300246300002900309500002100338942002300359999001700382952013300399 aENG-90157 c335.00a8173715645 aEN-73690 bDBAD / VEN14a532 c12704d127041 aNarasimhan, S.1 aA first course in fluid mechanics/cby S.Narasimhan aHyderabadbUniversities Press (India)c2006 bOrient Longman (Distributor) bHyderabade500 029a3-6-747/1/A & 3-6-754/1, Himayatnagar, axiv, 438p.c24cm (pbk ) aIncludes index adplcENk532 / NAR c12341d12341 00102ddc40718NFICaDBADbDBADeDBAD/PUBg335.00l0o532 NARpEN-73690r2008-09-15 00:00:00t1u13546v335.00w2008-09-15yEN